| 000 | 01055cam a2200325 a 4500 | ||
|---|---|---|---|
| 999 |
_c478501 _d478501 |
||
| 001 | 15369317 | ||
| 003 | NUST | ||
| 005 | 20180601060640.0 | ||
| 008 | 080716s2009 caua b 001 0 eng | ||
| 010 | _a 2008933314 | ||
| 020 | _a9781847873231 | ||
| 038 | _a0 | ||
| 040 |
_aDLC _cDLC _dDLC |
||
| 041 | 1 |
_aeng _hger |
|
| 050 | 0 | 0 |
_aBF76.5 _b.F5713 2009 |
| 082 | 0 | 0 |
_a001.42 FLI _222 |
| 100 | 1 |
_aFlick, Uwe, _d1956- _94227 |
|
| 240 | 1 | 0 |
_aQualitative Forschung. _lEnglish |
| 245 | 1 | 3 |
_aAn introduction to qualitative research / _cUwe Flick. |
| 250 | _a4th ed. | ||
| 260 |
_aLos Angeles ; _bSage Publications, _cc2009. |
||
| 300 |
_axx, 504 p. : _bill. ; _c24 cm. |
||
| 504 | _aIncludes bibliographical references (p. [476]-491 and indexes. | ||
| 650 | 0 |
_aPsychology _xQualitative research. _910718 |
|
| 650 | 0 |
_aSocial sciences _xMethodology. _91585 |
|
| 650 | 0 |
_aQualitative research. _91575 |
|
| 906 |
_a7 _bcbc _corigcop _d2 _eepcn _f20 _gy-gencatlg |
||
| 942 |
_2ddc _cBK |
||